Central Library OPAC University of Rajshahi

The influence of Islam on a Sudanese religion / (Record no. 33486)

MARC details
000 -LEADER
fixed length control field 01505cam a22003132 4500
001 - CONTROL NUMBER
control field 33486
003 - CONTROL NUMBER IDENTIFIER
rucl marc code BD-RjUL
005 - DATE AND TIME OF LATEST TRANSACTION
control field 20211209052021.0
008 - FIXED-LENGTH DATA ELEMENTS--GENERAL INFORMATION
fixed length control field 140508r19661946e ab b 000 0 eng d
035 ## - SYSTEM CONTROL NUMBER
System control number OCLC ocm25761571 from D970516M
-- (BD-RjUL)33577
040 ## - CATALOGING SOURCE
Original cataloging agency NYP
Transcribing agency NYP
Modifying agency DGU
-- BD-RjUL
Language of cataloging eng
041 ## - LANGUAGE CODE
Language code of text/sound track or separate title eng
082 ## - DEWEY DECIMAL CLASSIFICATION NUMBER
Classification number 297.9
Author mark and year GRI 1966
090 ## - LOCALLY ASSIGNED LC-TYPE CALL NUMBER (OCLC); LOCAL CALL NUMBER (OCLC)
Classification number (OCLC) (R) ; Classification number, CALL (RLIN) (NR) BL2480.H3
Local cutter number (OCLC) ; Book number/undivided call number, CALL (RLIN) G7 1946
100 1# - MAIN ENTRY--PERSONAL NAME
Personal name Greenberg, Joseph H.
Fuller form of name (Joseph Harold),
Dates associated with a name 1915-2001
9 (RLIN) 24084
245 14 - TITLE STATEMENT
Title The influence of Islam on a Sudanese religion /
Statement of responsibility, etc. Joseph Greenberg.
260 ## - PUBLICATION, DISTRIBUTION, ETC. (IMPRINT)
Place of publication, distribution, etc. New York :
Name of publisher, distributor, etc. J.J. Augustin,
Date of publication, distribution, etc. c1946 [Printing 1966].
300 ## - PHYSICAL DESCRIPTION
Pagination ix, 73 p. :
Illustrations ill., maps ;
Size 25 cm.
490 1# - SERIES STATEMENT
Series statement Monographs of the American Ethnological Society ;
Volume/sequential designation 10
500 ## - GENERAL NOTE
General note "This work was carried on [by the author] as a field fellow of the Social Science Research Council, under the auspices of Northwestern University and the results were submitted in partial fulfillment of the requirements of the doctor of philosophy requirements at this university"--Pref.
504 ## - BIBLIOGRAPHY, ETC. NOTE
Bibliography, etc Includes bibliographical references (p. 71-73).
505 0# - FORMATTED CONTENTS NOTE
Formatted contents note The historical contacts of Kano with Mohammedan culture -- The pagan Hausa -- Maguzawa religion -- The Malams and the'ískōkí cult among Moslem Hausa.
650 #0 - SUBJECT ADDED ENTRY--TOPICAL TERM
Topical term or geographic name as entry element Hausa (African people)
General subdivision Religion.
9 (RLIN) 101622
Topical term or geographic name as entry element Islam
9 (RLIN) 101623
Topical term or geographic name as entry element Islam
General subdivision Influence.
9 (RLIN) 101624
830 #0 - SERIES ADDED ENTRY--UNIFORM TITLE
Volume number/sequential designation 10
Uniform title Monographs of the American Ethnological Society ;
942 ## - ADDED ENTRY ELEMENTS (KOHA)
Source of classification or shelving scheme Dewey Decimal Classification
Koha item type Books
Holdings
Lost status Source of classification or shelving scheme Damaged status Not for loan Collection code Permanent Location Current Location Shelving location Date acquired Source of acquisition Cost, normal purchase price Total Checkouts Full call number Date last seen Copy number Koha item type
  Dewey Decimal Classification   Not For Loan Non-fiction Central Library, University of Rajshahi Central Library, University of Rajshahi Reading Room 24/09/1968 Zeitlinger 47.00   297.9 GRI 1966 08/05/2014 C-1 Books